Lãnh đạo bằng sự khiêm nhường 12 bài học lãnh đạo từ Giáo hoàng Francis

Tên sách tiếng Anh: Lead with humility; Khám phá 12 nguyên tắc lãnh đạo của Giáo hoàng Francis cũng như đưa ra phương pháp vận dụng hiệu quả trong thực tế, giúp mọi người kết nối với người khác bằng sự lịch thiệp và chân thành...

Full description

Saved in:
Bibliographic Details
Main Author: Krames, Jefferey A
Other Authors: Phạm, Phương Thảo
Format: Book
Language:Undetermined
Published: H. Thế giới 2017
Subjects:
Online Access:http://lrc.tdmu.edu.vn/opac/search/detail.asp?aID=2&ID=33436
Tags: Add Tag
No Tags, Be the first to tag this record!
Institutions: Trung tâm Học liệu Trường Đại học Thủ Dầu Một
LEADER 01150nam a2200229Ia 4500
001 TDMU_33436
008 210410s9999 xx 000 0 und d
082 |a 530.0285 
090 |b KR104 
100 |a Krames, Jefferey A 
245 0 |a Lãnh đạo bằng sự khiêm nhường 
245 0 |b 12 bài học lãnh đạo từ Giáo hoàng Francis 
245 0 |c Jefferey A. Krames; Phạm Phương Thảo dịch 
260 |a H. 
260 |b Thế giới 
260 |c 2017 
300 |a 195tr. 
520 |a Tên sách tiếng Anh: Lead with humility; Khám phá 12 nguyên tắc lãnh đạo của Giáo hoàng Francis cũng như đưa ra phương pháp vận dụng hiệu quả trong thực tế, giúp mọi người kết nối với người khác bằng sự lịch thiệp và chân thành 
650 |a Lãnh đạo  |x Bí quyết thành công; Francis,  |c Giáo Hoàng,  |d 1936- 
700 |a Phạm, Phương Thảo 
856 |u http://lrc.tdmu.edu.vn/opac/search/detail.asp?aID=2&ID=33436 
980 |a Trung tâm Học liệu Trường Đại học Thủ Dầu Một